000 00423pab a2200145 454500
008 180718b xxu||||| |||| 00| 0 eng d
100 _aTrebilcock, Anne
245 _aStrategies for strengthening women;s participation in trade union leadership
650 _a Woman Leadership
650 _a Woman Participation
650 _a Trade Unions
650 _aLabour Unions
773 _aInternational Labour Review
909 _a2702
999 _c2702
_d2702